000 00300nam a2200121Ia 4500
008 190216s9999||||xx |||||||||||||| ||und||
100 _aJoseph K X
245 0 _aProbability And Statitics
260 _bCalicut University Central Co-Operative
300 _a386
650 _aMathematics
942 _cBK
999 _c32102
_d32102